| 000 | 00550nam a22001697a 4500 | ||
|---|---|---|---|
| 003 | KOHA_MİRAKIL | ||
| 005 | 20251224145418.0 | ||
| 008 | 251224b tu ||||| |||| 00| 0 tur d | ||
| 040 |
_aTR-AnABB _btur _cTR-AnABB |
||
| 041 | _atur | ||
| 082 |
_a359.97 _bCUM 2024 |
||
| 245 | 1 | 0 | _aCumhuriyet'in 100. yılında jandarma ve sahil güvenlik sempozyumu tam metin bildiri kitabı / |
| 260 |
_aAnkara : _bJandarma ve Sahil Güvenlik Akademisi Yayınları, _c2024 |
||
| 300 |
_a514 sayfa ; _c24 cm |
||
| 650 | 0 | 4 | _aJandarma hizmetleri |
| 942 |
_2ddc _cBK |
||
| 999 |
_c9936 _d9936 |
||
| 900 | _bGizem YORULMAZ | ||